[Event "CZE-chT1W 1718"]
[Site "Czech Republic"]
[Date "2018.03.04"]
[Round "9.6"]
[White "Macharacek, Simon"]
[Black "Pribyl, Josef"]
[Result "1-0"]
[WhiteElo "2218"]
[BlackElo "2263"]
[PlyCount "85"]
[EventDate "2017.10.29"]
[EventType "team-tourn"]
[EventRounds "11"]
[EventCountry "CZE"]
[SourceTitle "EXT 2019"]
[Source "ChessBase"]
[SourceDate "2018.10.10"]
[SourceVersion "1"]
[SourceVersionDate "2018.10.10"]
[SourceQuality "1"]
[WhiteTeam "Praha Bohemians"]
[BlackTeam "Praha DP Tarok"]
[WhiteTeamCountry "CZE"]
[BlackTeamCountry "CZE"]

1. e4 d6 2. d4 g6 3. Nf3 Bg7 4. Nc3 Nd7 5. a4 e5 6. Be3 Ngf6 7. dxe5 dxe5 8. Bc4 0-0 9. 0-0 a5 10. h3 b6 11. Qe2 Bb7 12. Rad1 Qe7 13. Nd5 Nxd5 14. Bxd5 Bxd5 15. Rxd5 Rad8 16. Qc4 c5 17. Rfd1 Nb8 18. Bg5 Rxd5 19. Qxd5 Qe8 20. Qb3 Qc6 21. Rd5 Re8 22. Nd2 h6 23. Bh4 Na6 24. Nc4 Re6 25. Rd8+ Kh7 26. Qf3 f5 27. exf5 Qxf3 28. gxf3 gxf5 29. Rd6 Rxd6 30. Nxd6 Nb4 31. c3 Nd3 32. Nc4 Ne1 33. Bd8 Nxf3+ 34. Kg2 Ne1+ 35. Kf1 Nd3 36. Bxb6 Kg6 37. Bxa5 Kf7 38. Bb6 Ke6 39. a5 Kd7 40. a6 Kc6 41. a7 Kb7 42. Nd6+ Ka8 43. Ne8 1-0

[Event "CZE-chT2E 1617"]
[Site "Czech Republic"]
[Date "2017.03.19"]
[Round "10.7"]
[White "Straka, Vojtech1111"]
[Black "Macharacek, Simon"]
[Result "0-1"]
[WhiteElo "1904"]
[BlackElo "2215"]
[PlyCount "70"]
[EventDate "2016.09.10"]
[EventType "team-tourn"]
[EventRounds "11"]
[EventCountry "CZE"]
[SourceTitle "EXT 2022"]
[Source "ChessBase"]
[SourceDate "2021.10.06"]
[SourceVersion "1"]
[SourceVersionDate "2021.10.06"]
[SourceQuality "1"]
[WhiteTeam "Brno Lokomotiva II"]
[BlackTeam "Brno Duras II"]
[WhiteTeamCountry "CZE"]
[BlackTeamCountry "CZE"]

1. d4 Nf6 2. c4 c5 3. Nf3 cxd4 4. Nxd4 e5 5. Nb5 d5 6. cxd5 Bc5 7. N5c3 0-0 8. e3 e4 9. Be2 Nbd7 10. Nd2 Re8 11. 0-0 a6 12. Qc2 Qe7 13. Rd1 b5 14. d6 Qe5 15. a3 Bb7 16. b4 Bxd6 17. g3 Rac8 18. Bb2 Qf5 19. Qb3 Ne5 20. Kg2 Nfg4 21. Bxg4 Nxg4 22. Rf1 Re6 23. h3 Nh2 24. Rh1 Rf6 25. Nd1 Bd5 26. Qc3 Rxc3 27. Bxc3 Nf3 28. Rc1 Nxd2 29. Bxd2 h5 30. Be1 Qf3+ 31. Kg1 Bxg3 32. fxg3 Qf1+ 33. Kh2 Qe2+ 34. Nf2 Rxf2+ 35. Bxf2 Qxf2# 0-1

[Event "CZE-chT2E 1213"]
[Site "Czech Republic"]
[Date "2012.11.04"]
[Round "2.2"]
[White "Macharacek, Simon"]
[Black "Bazant, Petr Sr"]
[Result "1/2-1/2"]
[WhiteElo "2185"]
[BlackElo "2266"]
[PlyCount "68"]
[EventDate "2012.10.14"]
[EventType "team-tourn"]
[EventRounds "11"]
[EventCountry "CZE"]
[SourceTitle "EXT 2016"]
[Source "ChessBase"]
[SourceDate "2015.10.08"]
[SourceVersion "1"]
[SourceVersionDate "2015.10.08"]
[SourceQuality "1"]
[WhiteTeam "Brno Duras II"]
[BlackTeam "Stare Mesto II"]
[WhiteTeamCountry "CZE"]
[BlackTeamCountry "CZE"]

1. e4 c5 2. Nf3 Nf6 3. Nc3 Nc6 4. Bb5 Qc7 5. d3 Nd4 6. Bc4 e5 7. Bg5 Be7 8. Bxf6 Bxf6 9. Nd5 Qd8 10. Nxd4 cxd4 11. 0-0 0-0 12. f4 exf4 13. Nxf6+ Qxf6 14. Qd2 d6 15. Rxf4 Qe5 16. Raf1 Be6 17. Qb4 Qc5 18. Qxc5 dxc5 19. Bxe6 fxe6 20. Rxf8+ Rxf8 21. Rxf8+ Kxf8 22. Kf2 e5 23. g4 Ke7 24. h4 b5 25. Ke2 Kd6 26. Kd2 a5 27. b3 Kc6 28. Kc1 a4 29. bxa4 bxa4 30. a3 c4 31. Kd1 cxd3 32. cxd3 g6 33. Ke2 h5 34. gxh5 gxh5 1/2-1/2

[Event "Brno Trade op-A 37th"]
[Site "Brno"]
[Date "2012.09.02"]
[Round "9"]
[White "Macharacek, Simon"]
[Black "Ganaus, Hannes"]
[Result "1/2-1/2"]
[WhiteElo "2185"]
[BlackElo "2318"]
[PlyCount "79"]
[EventDate "2012.08.26"]
[EventType "swiss"]
[EventRounds "9"]
[EventCountry "CZE"]
[SourceTitle "CBM 150 Extra"]
[Source "ChessBase"]
[SourceDate "2012.10.19"]
[SourceVersion "1"]
[SourceVersionDate "2012.10.19"]
[SourceQuality "1"]

1. e4 c6 2. Nc3 d5 3. Nf3 dxe4 4. Nxe4 Nf6 5. Nxf6+ exf6 6. d4 Bd6 7. Be2 0-0 8. 0-0 Re8 9. c4 Bg4 10. Re1 Nd7 11. Qb3 Re7 12. Be3 Nf8 13. Rad1 Rd7 14. h3 Bf5 15. Bd3 Bxd3 16. Rxd3 Be7 17. Red1 Qc7 18. Qc2 Rad8 19. Qc1 Ng6 20. a3 f5 21. Bg5 Bxg5 22. Qxg5 Qf4 23. Qxf4 Nxf4 24. R3d2 f6 25. Kf1 g5 26. h4 g4 27. Ng1 Kf7 28. Ne2 Ne6 29. d5 Nc5 30. Nc3 cxd5 31. Rxd5 Rxd5 32. Rxd5 Rxd5 33. cxd5 a5 34. Ke2 f4 35. b4 axb4 36. axb4 Na6 37. Na2 Nc7 38. Nc3 Na6 39. Na2 Nc7 40. Nc3 1/2-1/2

[Event "Brno Trade op-A 37th"]
[Site "Brno"]
[Date "2012.08.26"]
[Round "1"]
[White "Macharacek, Simon"]
[Black "Kosina, Vladimir"]
[Result "1-0"]
[WhiteElo "2185"]
[BlackElo "1823"]
[PlyCount "71"]
[EventDate "2012.08.26"]
[EventType "swiss"]
[EventRounds "9"]
[EventCountry "CZE"]
[SourceTitle "CBM 150 Extra"]
[Source "ChessBase"]
[SourceDate "2012.10.19"]
[SourceVersion "1"]
[SourceVersionDate "2012.10.19"]
[SourceQuality "1"]

1. e4 c6 2. Nc3 d5 3. Nf3 Bg4 4. h3 Bxf3 5. Qxf3 dxe4 6. Nxe4 Nf6 7. Nxf6+ exf6 8. Bc4 Qe7+ 9. Qe2 Qxe2+ 10. Bxe2 Bd6 11. d4 0-0 12. 0-0 Nd7 13. Re1 Rfe8 14. Bd2 Nf8 15. c4 Rad8 16. Bc3 Ne6 17. Rad1 Nf4 18. Bf1 Kf8 19. g3 Ne6 20. Bg2 Nc7 21. b4 Re6 22. a4 Rde8 23. Kf1 Na6 24. b5 Nb8 25. c5 Bc7 26. d5 cxd5 27. Bxd5 Rxe1+ 28. Rxe1 b6 29. Bb4 Rxe1+ 30. Kxe1 Ke8 31. c6 f5 32. f4 g5 33. fxg5 Bxg3+ 34. Ke2 Bc7 35. Kf3 a5 36. Bd2 1-0

[Event "CZE-chT1E 1112"]
[Site "Czech Republic"]
[Date "2012.04.01"]
[Round "11"]
[White "Zednik, Josef"]
[Black "Macharacek, Simon"]
[Result "1/2-1/2"]
[WhiteElo "2046"]
[BlackElo "2186"]
[PlyCount "57"]
[EventDate "2011.10.02"]
[EventType "team-tourn"]
[EventRounds "11"]
[EventCountry "CZE"]
[SourceTitle "EXT 2013"]
[Source "ChessBase"]
[SourceDate "2012.11.22"]
[SourceVersion "1"]
[SourceVersionDate "2012.11.22"]
[SourceQuality "1"]
[WhiteTeam "Grygov II"]
[BlackTeam "Brno Duras"]
[WhiteTeamCountry "CZE"]
[BlackTeamCountry "CZE"]

1. e4 e5 2. f4 exf4 3. Nf3 d5 4. exd5 Nf6 5. Bc4 Bd6 6. 0-0 0-0 7. d4 Bg4 8. Bb3 Nbd7 9. c4 c5 10. dxc6 bxc6 11. Kh1 Ne4 12. Nbd2 Ndf6 13. Bc2 Re8 14. Nxe4 Nxe4 15. Qd3 f5 16. Kg1 c5 17. d5 Qf6 18. Rb1 Rab8 19. Ba4 Re7 20. Bc2 Bxf3 21. gxf3 Qg5+ 22. Kh1 Qh5 23. fxe4 fxe4 24. Qd2 f3 25. Qf2 e3 26. Bxe3 Rxe3 27. Rbe1 Rbe8 28. Rxe3 Rxe3 29. Bd1 1/2-1/2

[Event "CZE-chT2D 1112"]
[Site "Czech Republic"]
[Date "2012.02.05"]
[Round "7"]
[White "Macharacek, Simon"]
[Black "Kastner, Oldrich"]
[Result "1/2-1/2"]
[WhiteElo "2186"]
[BlackElo "2137"]
[PlyCount "105"]
[EventDate "2011.10.09"]
[EventType "team-tourn"]
[EventRounds "11"]
[EventCountry "CZE"]
[SourceTitle "EXT 2013"]
[Source "ChessBase"]
[SourceDate "2012.11.22"]
[SourceVersion "1"]
[SourceVersionDate "2012.11.22"]
[SourceQuality "1"]
[WhiteTeam "Brno Duras II"]
[BlackTeam "Pardubice AKIS"]
[WhiteTeamCountry "CZE"]
[BlackTeamCountry "CZE"]

1. e4 e6 2. d4 d5 3. e5 c5 4. c3 Nc6 5. Nf3 Bd7 6. Be2 Rc8 7. a3 Qb6 8. b4 cxd4 9. cxd4 a5 10. b5 Nxd4 11. Nxd4 Rxc1 12. Qxc1 Qxd4 13. Qc3 Bc5 14. 0-0 Qxc3 15. Nxc3 Bd4 16. Rac1 Bxe5 17. Na4 Ne7 18. f4 Bd6 19. Bd3 f6 20. Nb6 Kd8 21. Rc3 g6 22. g3 e5 23. Rd1 Bb8 24. Nxd7 Kxd7 25. fxe5 fxe5 26. b6 Bd6 27. Bf1 Ke6 28. Bh3+ Nf5 29. Rcd3 Rd8 30. Kh1 Bc5 31. Bg2 Nd4 32. Bh3+ Kd6 33. a4 Rf8 34. Rc3 e4 35. Bg2 Rf2 36. Rdc1 Bxb6 37. Rb1 Bc5 38. Rxb7 Bb4 39. Rb6+ Ke5 40. Rc8 Rf7 41. Rd8 Re7 42. h4 Ne2 43. Kh2 Nc3 44. h5 gxh5 45. Rh6 Kd4 46. Rxh5 Rc7 47. Kg1 Rg7 48. Kh2 Rb7 49. Kg1 Be7 50. Re8 Bd6 51. Rg5 Nxa4 52. Rxd5+ Kxd5 53. Bxe4+ 1/2-1/2

[Event "CZE-chT2D 1011"]
[Site "Czech Republic"]
[Date "2011.03.27"]
[Round "10"]
[White "Macharacek, Simon"]
[Black "Trojan, Lubos"]
[Result "1-0"]
[WhiteElo "2163"]
[BlackElo "2024"]
[PlyCount "69"]
[EventDate "2010.10.17"]
[EventType "team-tourn"]
[EventRounds "11"]
[EventCountry "CZE"]
[SourceTitle "EXT 2012"]
[Source "ChessBase"]
[SourceDate "2011.11.24"]
[SourceVersion "1"]
[SourceVersionDate "2011.11.24"]
[SourceQuality "1"]
[WhiteTeam "Brno Duras II"]
[BlackTeam "Polabiny II"]
[WhiteTeamCountry "CZE"]
[BlackTeamCountry "CZE"]

1. e4 e6 2. d4 d5 3. e5 c5 4. c3 Ne7 5. Nf3 Nec6 6. a3 b6 7. b4 Be7 8. Bd3 a5 9. b5 Na7 10. a4 Nd7 11. 0-0 Nf8 12. Re1 Bb7 13. Nbd2 c4 14. Bc2 g5 15. h3 h5 16. Nf1 Ng6 17. Bxg6 fxg6 18. Qd2 Kd7 19. Nxg5 Qg8 20. Nh2 Rf8 21. Ba3 Bxg5 22. Qxg5 Rf5 23. Qe7+ Kc8 24. Qd6 Qf7 25. Qxb6 Ba8 26. Qxa5 Qb7 27. Bc5 Kb8 28. Bd6+ Kc8 29. Qb4 Kd7 30. Rab1 g5 31. a5 Qxb5 32. Qxb5+ Nxb5 33. Rxb5 Bc6 34. Rb6 Ra8 35. Ra1 1-0

[Event "CZE-chT2D 0910"]
[Site "Czech Republic"]
[Date "2010.02.28"]
[Round "8.7"]
[White "Macharacek, Simon"]
[Black "Dorjkhu, Tuvsinbajar"]
[Result "1-0"]
[WhiteElo "2175"]
[BlackElo "2035"]
[PlyCount "75"]
[EventDate "2009.10.18"]
[EventType "team-tourn"]
[EventRounds "11"]
[EventCountry "CZE"]
[SourceTitle "EXT 2012"]
[Source "ChessBase"]
[SourceDate "2011.11.24"]
[SourceVersion "1"]
[SourceVersionDate "2011.11.24"]
[SourceQuality "1"]
[WhiteTeam "Brno Duras II"]
[BlackTeam "Pardubice AKIS"]
[WhiteTeamCountry "CZE"]
[BlackTeamCountry "CZE"]

1. e4 e5 2. Nf3 Nf6 3. Nc3 d6 4. d4 exd4 5. Nxd4 Be7 6. Be2 Nc6 7. Nxc6 bxc6 8. 0-0 0-0 9. f4 Nd7 10. Bf3 Rb8 11. Rb1 Ba6 12. Re1 Re8 13. Be3 Nb6 14. b3 Bf6 15. Qd2 g6 16. Ne2 Bg7 17. c4 Bb7 18. Rbd1 Qe7 19. Bf2 Rbd8 20. Qa5 c5 21. Qxa7 Bc6 22. Qa5 Ra8 23. Qd2 Ra3 24. Nc1 Qf8 25. Re2 Bh6 26. Rde1 Nd7 27. g3 Ne5 28. Bg2 Ng4 29. e5 Bxg2 30. Kxg2 Rxe5 31. Rxe5 dxe5 32. Qd7 Qa8+ 33. Kg1 Nxf2 34. Kxf2 e4 35. Qe7 f5 36. Rd1 e3+ 37. Kg1 Bg5 38. fxg5 1-0

[Event "CZE-chT2E 0809"]
[Site "Czech Republic"]
[Date "2009.01.11"]
[Round "6.3"]
[White "Macharacek, Simon"]
[Black "Strasil, Pavel"]
[Result "0-1"]
[WhiteElo "2179"]
[BlackElo "2184"]
[PlyCount "63"]
[EventDate "2008.10.12"]
[EventType "team-tourn"]
[EventRounds "11"]
[EventCountry "CZE"]
[SourceTitle "EXT 2010"]
[Source "ChessBase"]
[SourceDate "2010.11.25"]
[SourceVersion "1"]
[SourceVersionDate "2010.11.25"]
[SourceQuality "1"]
[WhiteTeam "Brno Duras III"]
[BlackTeam "Litovel II"]
[WhiteTeamCountry "CZE"]
[BlackTeamCountry "CZE"]

1. e4 c5 2. Nf3 a6 3. c4 e6 4. d4 cxd4 5. Nxd4 Nf6 6. Bd3 Nc6 7. Nb3 Be7 8. 0-0 0-0 9. Nc3 d6 10. f4 Rb8 11. Qe2 Qc7 12. Bd2 Nb4 13. Bb1 Nc6 14. Bd3 Nb4 15. e5 Ne8 16. Nd5 Nxd5 17. cxd5 exd5 18. Nd4 dxe5 19. fxe5 Be6 20. Nxe6 fxe6 21. Rac1 Qd7 22. Qh5 g6 23. Qg4 Ng7 24. h4 Rxf1+ 25. Rxf1 Rf8 26. Rxf8+ Bxf8 27. Bg5 Qf7 28. Bf6 Nh5 29. Qg5 Bg7 30. Bxg7 Kxg7 31. Be2 h6 32. Qd8 0-1

[Event "Tatry op"]
[Site "Tatranske Zruby"]
[Date "2005.09.14"]
[Round "6"]
[White "Macharacek, Simon"]
[Black "Hrabusa, Matej"]
[Result "1-0"]
[WhiteElo "2223"]
[BlackElo "2055"]
[PlyCount "123"]
[EventDate "2005.09.10"]
[EventType "swiss"]
[EventRounds "9"]
[EventCountry "SVK"]
[SourceTitle "CBM 108 Extra"]
[Source "ChessBase"]
[SourceDate "2005.11.04"]
[SourceVersion "1"]
[SourceVersionDate "2005.11.04"]
[SourceQuality "1"]

1. e4 d5 2. exd5 Qxd5 3. Nc3 Qa5 4. g3 Nf6 5. Bg2 g6 6. Nge2 Bg7 7. d3 c6 8. Rb1 0-0 9. 0-0 Bf5 10. b4 Qc7 11. b5 Rd8 12. Be3 Qd7 13. Na4 Nd5 14. Nc5 Qc7 15. bxc6 b6 16. Nb7 Nxe3 17. fxe3 Rf8 18. Nd4 Bxd4 19. exd4 Nxc6 20. d5 Ne5 21. Qe2 Rab8 22. Rbe1 Ng4 23. h3 Rxb7 24. hxg4 Qc5+ 25. Qf2 Qxf2+ 26. Rxf2 Bc8 27. d6 Rd7 28. dxe7 Re8 29. Rfe2 Rc7 30. g5 Bb7 31. Bxb7 Rxb7 32. d4 Rd7 33. Re4 b5 34. c3 Kg7 35. Re5 a6 36. Kf2 Rd6 37. d5 f6 38. gxf6+ Kxf6 39. Re6+ Rxe6 40. Rxe6+ Kf7 41. Rxa6 Rxe7 42. a4 bxa4 43. Rxa4 Kf6 44. c4 Ke5 45. Ke3 Rb7 46. Ra3 h5 47. Rd3 Rd7 48. d6 Ke6 49. c5 g5 50. Kd4 h4 51. gxh4 gxh4 52. Re3+ Kf6 53. Kd5 Rh7 54. Rf3+ Kg5 55. c6 Kg4 56. Rf1 Rh5+ 57. Kc4 Rh6 58. Kc5 Rh5+ 59. Kb6 Kg3 60. c7 Kg2 61. Rd1 Rh8 62. d7 1-0

[Event "Tatry op"]
[Site "Tatranske Zruby"]
[Date "2005.09.13"]
[Round "5"]
[White "Janko, Michal"]
[Black "Macharacek, Simon"]
[Result "1-0"]
[WhiteElo "2098"]
[BlackElo "2223"]
[PlyCount "55"]
[EventDate "2005.09.10"]
[EventType "swiss"]
[EventRounds "9"]
[EventCountry "SVK"]
[SourceTitle "CBM 108 Extra"]
[Source "ChessBase"]
[SourceDate "2005.11.04"]
[SourceVersion "1"]
[SourceVersionDate "2005.11.04"]
[SourceQuality "1"]

1. e4 e5 2. Nf3 Nc6 3. Bb5 a6 4. Ba4 Nf6 5. 0-0 Nxe4 6. d4 b5 7. Bb3 d5 8. dxe5 Be6 9. Nbd2 Nc5 10. c3 Be7 11. Bc2 Bg4 12. Re1 0-0 13. Nb3 Ne4 14. Bf4 f6 15. exf6 Nxf6 16. Qd3 Bxf3 17. Qxf3 Bd6 18. Bg5 Ne5 19. Qf5 h6 20. Bh4 Qe8 21. Bxf6 Rxf6 22. Qh7+ Kf7 23. f4 Rxf4 24. Rf1 Rxf1+ 25. Rxf1+ Ke6 26. Qxg7 Be7 27. Bf5+ Kd6 28. Qxh6+ 1-0

[Event "Tatry op"]
[Site "Tatranske Zruby"]
[Date "2005.09.11"]
[Round "2"]
[White "Macharacek, Simon"]
[Black "Viszlai, Alexander"]
[Result "1/2-1/2"]
[WhiteElo "2223"]
[BlackElo "2071"]
[PlyCount "101"]
[EventDate "2005.09.10"]
[EventType "swiss"]
[EventRounds "9"]
[EventCountry "SVK"]
[SourceTitle "CBM 108 Extra"]
[Source "ChessBase"]
[SourceDate "2005.11.04"]
[SourceVersion "1"]
[SourceVersionDate "2005.11.04"]
[SourceQuality "1"]

1. e4 e5 2. Nf3 Nc6 3. Bb5 a6 4. Ba4 Nf6 5. 0-0 Nxe4 6. d4 b5 7. Bb3 d5 8. dxe5 Be6 9. Nbd2 Nc5 10. c3 Nxb3 11. Nxb3 Be7 12. Nbd4 Nxd4 13. Nxd4 Qd7 14. Nxe6 Qxe6 15. f4 0-0 16. Qd3 Bc5+ 17. Kh1 c6 18. f5 Qxe5 19. f6 Qe4 20. Qh3 Rfe8 21. fxg7 Qe6 22. Qf3 Ra7 23. Bd2 Qg6 24. h4 Rae7 25. Bg5 Re4 26. h5 Qxg7 27. Bf6 Qg4 28. Qxg4+ Rxg4 29. Rae1 Ree4 30. Rxe4 Rxe4 31. Rf5 h6 32. Re5 Rxe5 33. Bxe5 f5 34. Kh2 Be3 35. Kg3 Kf7 36. Kf3 Ke6 37. Bg7 Bg5 38. b4 Bd2 39. Ke2 Kf7 40. Kxd2 Kxg7 41. Ke3 Kf6 42. Kf4 Ke6 43. Ke3 Ke5 44. g3 Kf6 45. Kd4 Ke6 46. Kc5 Kd7 47. Kb6 Kd6 48. a3 Kd7 49. Kb7 Kd6 50. Kb6 Kd7 51. Kb7 1/2-1/2